| 000 | 00454nam a2200157 a 4500 | ||
|---|---|---|---|
| 001 | 747 | ||
| 003 | CDMR | ||
| 005 | 20130328113242.0 | ||
| 008 | 130130s1963||||||||||||||||||||||||||||d | ||
| 040 |
_aCDMR _bcat _cCDMR |
||
| 100 | 1 |
_aCasares, Julio _9577 |
|
| 245 | 1 | 0 |
_aDiccionario ideológico de la lengua española _b: desde la idea a la palabra, desde la palabra a la idea |
| 250 | _a2a ed. rev. | ||
| 260 |
_aBarcelona _c1963 _bGustavo Gili |
||
| 942 |
_cMON _2udc |
||
| 999 |
_c747 _d747 |
||